000 00541nam a22001817a 4500
999 _c190940
_d190940
005 20220816104049.0
010 _aENG-134409
020 _a9789389395242
_c475.00
035 _aEN-117941
037 _bDBAD/PUB
082 _a364.168
100 _aGupta, Sheetal
245 _aInternet And Cyber Crime/
_cSheetal Gupta
260 _aAllahabad
_bSampark Prakashan
_c2015
270 _a5/7 Upendra Nath Ashk Marg (Old Khusro Bagh Road)
_bAllahabad
_e211001
300 _a136p.
_c22cm(hb)
942 _2ddc
_cEN
_h364.168
_mGUP